00844nam a2200229Ia 4500001000700000003000500007008004100012010001100053040000900064100002800073245018400101260004100285300001000326502007700336650002200413650003200435650003200467650003100499650003900530650001700569700002800586Z_1729CHAP220113s1999 xx 000 0 und d a164821 cCHAP aNavarro López, Adán aEvaluación de cuatro antihelmínticos contravermes gastroentéricos de ovinos semiestabulados en San Salvador, Hidalgo /cpor Adán Navarro López y Carlos Ortíz Pérez aChapingo, Méx. :bEl autor,c1999 a57 h. aTesis (Ing. Agr. Esp. en Zootecnia) -- UACH. Departamento de Zootecnia aAntihelmínticos aEnfermedadesxGanado lanar  aGanado lanarxEnfermedades  aGanado lanarxParásitos  aNemátodos, parásitos de ovino  aParásitos  aOrtíz Pérez, Carlos